Normal view
MARC view
Entry Personal Name
001 - CONTROL NUMBER
- control field: 21536
003 - CONTROL NUMBER IDENTIFIER
- control field: BD-ChCU
005 - DATE AND TIME OF LATEST TRANSACTION
- control field: 20260416094805.0
008 - FIXED-LENGTH DATA ELEMENTS
- fixed length control field: 260416|| aca||aabn | a|a d
040 ## - CATALOGING SOURCE
- Original cataloging agency: BD-ChCU
100 ## - HEADING--PERSONAL NAME
- Personal name: Thompson, Philip D. and others.